| 000 | 01309nam0a2200289 4500 | ||
|---|---|---|---|
| 001 | RU\NLR\bibl\1378355 | ||
| 005 | 20260407202818.0 | ||
| 010 |
_a978-5-9973-0142-2 _9150 |
||
| 021 |
_aRU _b2009-27688 _91659 |
||
| 035 | _a(NLR Aleph) 001370459 | ||
| 090 |
_a1038349 _c1038349 |
||
| 100 | _a20090605d2009 |||y0rusy50 ca | ||
| 101 | 0 | _arus | |
| 102 | _aRU | ||
| 105 | _ay ||||||||| | ||
| 200 | 1 |
_aПаспорт динамики развития детей младшего школьного возраста _fДет. фонд Виктория _g[авт.-сост. Л.В. Алексеева, О.В. Лобачева] |
|
| 210 |
_aМосква _cКомпания "Спутник+" _d2009 |
||
| 215 |
_a46 с. _d30 |
||
| 606 | 1 |
_aСироты _xТьюторское сопровождение _92600845 _3RU\NLR\auth\661537403 |
|
| 686 | _aЧ313.23 | ||
| 702 | 1 |
_4220 _8rus _7ca _aАлексеева _bЛ. В. _cпсихолог _3RU\NLR\AUTH\7789902 _972829 |
|
| 712 | 0 | 2 |
_4570 _aФонд помощи обездоленным детям и детям, лишенным родительской ласки - Детский фонд "Виктория" _cМосква _3RU\NLR\AUTH\8810134406 _9764820 |
| 801 | 0 |
_aRU _bNLR _c20090605 _gRCR |
|
| 801 | 1 |
_aRU _bNLR _c20090605 |
|
| 942 | _cBOOK | ||
| 980 | _aNB | ||